00311nam a2200121Ia 4500008004100000040001500041041001200056082001800068100001800086245003800104260003200142300001500174230917s9999||||xx |||||||||||||| ||und|| e6836aMAIN aEnglish a301.045 L117L aLachmann, L M 0aLegacy of Max Weber; Three essays aBarkeleybGlendessaryc1971 aix, 150 p.